1094 1322 1898 1838 1542 1397 1045 1154 1835 1184 1854 1626 1406 1176 1825 1876 1858 1990 1232 1510 1147 1219 1766 1525 1165 1528 1421 1868 1120 1235 1591 1865 1309 1204 1682 1317 1623 1021 1910 1990 1255 1094 1671 1504 1006 1737 1851 1045 1455 1702 1965 1965 1555 1976 1532 1541 1482 1462 1597 1945 1706 1201 1281 1717 1496 1873 1438 1046 1823 1459 1988 1140 1635 1623 1570 1836 1248 1833 1283 1266 1969 1239 1976 1401 1308 1152 1860 1764 1897 1727 1955 1742 1599 1733 1123 1661 1137 1499 1185 BCNSPRNW ULIB Ver.6.0+V

เปลี่ยนเป็นภาษาไทย

Change to English
 แสดงรายละเอียดบรรณานุกรม
  กลับหน้าหลัก

Brief Record : Get Marc (ISO 2709) : E-mail record : QR code < ปิดหน้าต่าง
LEADER : 00000nam 2200000uu 4500
001    13399126263
003     ULIB
008    180827s2560||||th 000 0 tha d
020    ^a9786169299110
060    ^aWY105 พ885ม
100    ^aเพ็ญจันทร์ แสนประสาน ดวงกมล วัตราดุลย์ และกนกพร แจ่มสมบูรณ์
245    ^aมาตรฐานการพยาบาล CVT : แนวคิดการพัฒนาคุณภาพ (ฉบับปรับปรุง ครั้งที่ 2)
250    ^aพิมพ์ครั้งที่ 1
260    ^aกรุงเทพฯ :^bสุขุมวิทการพิมพ์,^c2560
300    ^a259 หน้า^bภาพประกอบ
650    ^aการพยาบาล^xมาตรฐานการพยาบาล
650    ^aการพยาบาล^xการพัฒนาคุณภาพ
945    ^p280^l0^i004435
945    ^p280^l0^i004433
945    ^p280^l0^i004434
999    ^aประนอม เกษจรัล
รายการนี้ยังไม่มีแท็ก
คุณยังไม่ได้ล็อกอิน คุณสามารถมีกิจกรรมร่วมกับเว็บไซต์ได้ แต่ต้องล็อกอินก่อน ::
  ล็อกอิน

รายการสื่อสารสนเทศ

ลำดับที่ ประเภท เลขเรียก/บาร์โค้ด สถานที่ สถานะ
1. Book การพยาบาล
หนังสือสำรอง
สถานะ=หนังสือสำรอง
WY105 พ885ม ฉ.1 
  Barcode: 004433
ห้องสมุดวิทยาเขตสวรรค์ประชารักษ์
►หนังสือทั่วไป
บนชั้น
2. Book การพยาบาล
Book การพยาบาล
WY105 พ885ม ฉ.2 
  Barcode: 004434
ห้องสมุดวิทยาเขตสวรรค์ประชารักษ์
►หนังสือทั่วไป
บนชั้น
3. Book การพยาบาล
Book การพยาบาล
WY105 พ885ม ฉ.3 
  Barcode: 004435
ห้องสมุดวิทยาเขตสวรรค์ประชารักษ์
►หนังสือทั่วไป
บนชั้น

รายการใกล้เคียง
    ชื่อเรื่อง [มาตรฐานการพยาบาล CVT : แนวคิดการพัฒนาคุณภาพ (ฉบับปรับปรุง ครั้งที่ 2)]

    ผู้แต่ง [เพ็ญจันทร์ แสนประสาน ดวงกมล วัตราดุลย์ และกนกพร แจ่มสมบูรณ์]

BibComment


ยังไม่เคยถูกคอมเมนท์

คอมเมนท์ทรัพยากรรายการนี้
  คอมเมนท์: มาตรฐานการพยาบาล..


 Copyright 2026. Bcnsprnw @Library